Statistiques concernant Trouver l'erreur 2 (football)

Cliquez ici pour prendre le quiz!

Statistiques générales

  • Ce quiz a été pris 430 fois
  • Le résultat moyen est 6 sur 10

Statistiques - réponses

QuestionRéponse% Correct
Lequel de ces joueurs n'est pas champion du monde 2018?Laurent Koscielny
95%
Lequel de ces joueurs n'est pas argentin?Rodrigo Bentancur
81%
Lequel de ces joueurs n'a jamais remporté un trophée?Dimitri Payet
77%
Laquelle de ces équipes n'a jamais remportée la Ligue des Champions?Arsenal
74%
Lequel de ces pays n'a jamais participé à une Coupe du Monde?Finlande
71%
Lequel de ces joueurs n'a jamais joué à Manchester United?Santi Cazorla
70%
Lequel de ces joueurs n'a jamais inscrit un triplé pour le Paris-Saint-Germain en Ligue des Champions?Mauro Icardi
54%
Laquelle de ces équipes n'était pas en première division espagnole lors de la saison 2019-2020?Girona
43%
Dans lequel de ces clubs Hatem Ben Arfa n'a jamais joué?Girondins de Bordeaux
38%
Lequel de ces joueurs n'a pas inscrit 30 buts en Equipe de France?Karim Benzema
37%

Distribution des résultats

Percentile par nombre de réponses

% des personnes avec chaque résultat

Votre développement - résultats

Vous n’avez pas pris ce quiz